Online Catalogue and eLibrary

Social Protest in India: (Record no. 1193)

MARC details
000 -LEADER
fixed length control field 00510nam a2200193Ia 4500
005 - DATE AND TIME OF LATEST TRANSACTION
control field 20250324051404.0
008 - FIXED-LENGTH DATA ELEMENTS--GENERAL INFORMATION
fixed length control field 240331s9999 xx 000 0 und d
020 ## - INTERNATIONAL STANDARD BOOK NUMBER
ISBN 0836401956
082 ## - DDC Classification
Class No. 303
Item Number - Author Mark ODD
DDC Edition Number 1009
100 ## - MAIN ENTRY--PERSONAL NAME
Personal name Oddie, G. A
245 #0 - TITLE STATEMENT
Title Social Protest in India:
Remainder of title British Protestant Missionaries and Social Reforms 1850-1900
260 ## - PUBLICATION, DISTRIBUTION, ETC.
Place of publication, distribution, etc. New Delhi;
Name of publisher, distributor, etc. Missouri
Date of publication, distribution, etc. 1978
300 ## - PHYSICAL DESCRIPTION
Extent (e.g. Volumes, Pages etc.) vi, 283 p.,
650 ## - SUBJECT ADDED ENTRY--TOPICAL TERM
Topical term or geographic name entry element Society
650 ## - SUBJECT ADDED ENTRY--TOPICAL TERM
Topical term or geographic name entry element Religion
650 ## - SUBJECT ADDED ENTRY--TOPICAL TERM
Topical term or geographic name entry element Caste
650 ## - SUBJECT ADDED ENTRY--TOPICAL TERM
Topical term or geographic name entry element Agrarian
942 ## - Koha item type (Biblio)
Koha item type Books in Stacks (Lending)
Holdings
Lost status Damaged status Collection code Home library Current library Shelving location Date acquired Full call number Accession Number Item type
    Lending WERC Library WERC Library Social Science Cupboard 03/31/2024 303 ODD 1009 Books in Stacks (Lending)

© WERC Library